Normal view
MARC view
- Graduate Record Examination
Entry Topical Term
001 - CONTROL NUMBER
- control field: 10580
003 - CONTROL NUMBER IDENTIFIER
- control field: NUST
005 - DATE AND TIME OF LATEST TRANSACTION
- control field: 20180529043002.0
008 - FIXED-LENGTH DATA ELEMENTS
- fixed length control field: 180529|| aca||aabn | a|a d
040 ## - CATALOGING SOURCE
- Original cataloging agency: NUST
- Transcribing agency: NUST
150 ## - HEADING--TOPICAL TERM
- Topical term or geographic name entry element: Graduate Record Examination
- General subdivision: Study guides.
670 ## - SOURCE DATA FOUND
- Source citation: Work cat.: (NUST)0: Educational Testing service ETS, 10578, Practicing to take the GRE mathematics test., c1993.
